Dopasuj państwo do stolicy cz.2 - Statystyki

Ogólne statystyki
  • Ten quiz został rozwiązany 522 razy
  • Średni wynik to 16 z 25
Statystyki odpowiedzi
Poziom trudności Stolica Państwo % Poprawnych
Bardzo Łatwy Paryż Francja
100%
Bardzo Łatwy Madryt Hiszpania
100%
Bardzo Łatwy Berlin Niemcy
100%
Bardzo Łatwy Moskwa Rosja
100%
Bardzo Łatwy Praga Czechy
99%
Łatwy Ryga Łotwa
95%
Łatwy Kair Egipt
89%
Łatwy Seul Korea Południowa
86%
Łatwy Delhi Indie
85%
Średni Hawana Kuba
77%
Średni Bagdad Irak
73%
Łatwy Rijad Arabia Saudyjska
65%
Średni Damaszek Syria
65%
Trudny Quito Ekwador
57%
Średni Dhaka Bangladesz
46%
Trudny Asuncion Paragwaj
45%
Średni Kinszasa Demokratyczna Republika Konga
42%
Trudny Biszkek Kirgistan
41%
Bardzo Trudny Niamey Niger
38%
Bardzo Trudny Male Malediwy
36%
Bardzo Trudny Bamako Mali
34%
Trudny Mogadiszu Somalia
33%
Bardzo Trudny Port of Spain Trynidad i Tobago
33%
Trudny Akra Ghana
32%
Bardzo Trudny Saint John's Antigua i Barbuda
21%
Nie znaleziono quizów pasujących do podanych kryteriów
Rozkład punktacji
Procent ludzi z każdym wynikiem
Percentyl według liczby udzielonych odpowiedzi
Twoja historia wyników
Nie rozwiązałeś tego quizu